000 00877nam a22002057a 4500
005 20180409165037.0
010 _aENG-122498
020 _a818969202X
_c2450.00, 38.10$
035 _aEN-106030
037 _bDBAD/PUB
082 _a260.91
100 _aVijay N. Shankar
245 _aHaven of bliss anandpur sahib :
_cby Vijay N. Shankar [and] Harminder Kaur
_ba miracle of the human spirit /
260 _aLudhiana
_bCorporate Vision in collaboration with
_bLahore Book Shop
_c2010
270 _aC-20 B Green Park Extension, basement floor,
_bNew Delhi
_e110016
_k91-11- 20251396, 9899800525
_mwww.lahorepublishers.com
270 _a2, Lajpat Rai Market, Near Society Cinema,
_bLudhiana
_e141008
_k91-161-2740738, 6540738
_mwww.lahorepublishers.com
300 _a156p.
_bill. picture
_c30cm(Hb)
700 _dHarminder Kaur
942 _2ddc
_cEN
_mVIJ
_h260.91
999 _c150826
_d150826